[Event "Druzynowe Mistrzostwa Polski Juniorow 2018 - II Liga"]
[Site "Szczyrk"]
[Date "1899-12-30"]
[Round "3.77"]
[White "Mysliwiec, Natalia"]
[Black "Kucharska, Helena"]
[Result "1-0"]
[WhiteTitle "I"]
[BlackTitle "I"]
[WhiteElo "1377"]
[BlackElo "1322"]

1. e4 e6 2. d4 d5 3. Nd2 Nf6 4. e5 Nfd7 5. Bd3 c5 6. c3 Nc6 7. Ne2 cxd4 8. cxd4
Bb4 9. a3 Ba5 10. O-O f6 11. exf6 Nxf6 12. Nf3 Bc7 13. Re1 O-O 14. Bf4 Ng4 15.
Qd2 Bxf4 16. Nxf4 Qd6 17. g3 h6 18. h3 g5 19. hxg4 gxf4 20. Kg2 Kg7 21. Rh1 e5
22. dxe5 Nxe5 23. Nxe5 Qxe5 24. f3 Qe3 25. Qxe3 fxe3 26. Rh5 Bd7 27. Rxd5 Bc6
28. Rf5 Rxf5 29. gxf5 Re8 30. Re1 Kf6 31. g4 Kg5 32. Kg3 Ba4 33. Be4 Bc6 34. Rxe3
Bxe4 35. fxe4 Kf6 36. Kf4 Rd8 37. e5+ Ke7 38. Rh3 Rd4+ 39. Kg3 Rd3+ 40. Kh4 Rd4
41. Rb3 b6 42. Rg3 Re4 43. e6 Re2 44. b3 Kf6 45. Rf3 Rg2 46. Kh3 Rg1 47. Re3 Ke7
48. Rg3 Rf1 49. Rd3 a5 50. Rd7+ Ke8 51. Kg2 Rf4 52. Kg3 Rf1 53. Rh7 Rh1 54. f6
Rf1 55. Rh8# 1-0

[Event "Druzynowe Mistrzostwa Polski Juniorow 2018 - II Liga"]
[Site "Szczyrk"]
[Date "1899-12-30"]
[Round "3.78"]
[White "Cieslak, Jessica"]
[Black "Pudelko, Magdalena"]
[Result "1/2-1/2"]
[WhiteTitle "I"]
[BlackTitle "I"]
[WhiteElo "1247"]
[BlackElo "1358"]

1. d4 d5 2. c4 c6 3. Nc3 Nf6 4. e3 e6 5. Nf3 Bd6 6. Qc2 Nbd7 7. Bd3 b6 8. cxd5
cxd5 9. Nb5 Bb4+ 10. Bd2 Bxd2+ 11. Nxd2 O-O 12. Qc6 Ba6 13. Qc2 e5 14. dxe5 Nxe5
15. Be2 Bxb5 16. Bxb5 d4 17. exd4 Qxd4 18. O-O Rac8 19. Nb3 Rxc2 20. Nxd4 Rxb2
21. a4 Rd8 22. Rfd1 Neg4 23. Be2 h6 24. h3 Ne5 25. Kf1 Ne4 26. Nb5 Rdd2 27. Rxd2
Nxd2+ 28. Ke1 a6 29. Nc7 Nb3 30. Rd1 Nc5 31. Bxa6 Nxa4 32. Rd6 Nc5 33. Bb5 Ng6
34. Kf1 Ne4 35. Rd8+ Kh7 36. Be2 Nf4 37. Bf3 Rxf2+ 38. Kg1 Nxh3+ 39. Kh2 Neg5
40. Kg3 Rc2 41. Nd5 Nxf3 42. gxf3 Ng1 43. Rd7 f5 44. Ne3 Rc3 45. Nxf5 Rxf3+ 46.
Kg4 Rf2 47. Rxg7+ Kh8 48. Rb7 h5+ 49. Kg5 Rg2+ 50. Kxh5 Rh2+ 1/2-1/2

[Event "Druzynowe Mistrzostwa Polski Juniorow 2018 - II Liga"]
[Site "Szczyrk"]
[Date "1899-12-30"]
[Round "3.79"]
[White "Dzwierzynski, Bartosz"]
[Black "Kus, Aleksander"]
[Result "1/2-1/2"]
[WhiteTitle "I"]
[BlackTitle "k"]
[WhiteElo "1815"]
[BlackElo "1934"]

1. d4 Nf6 2. c4 g6 3. Nc3 Bg7 4. e4 d6 5. Nf3 O-O 6. Be2 e5 7. O-O Nc6 8. d5 Ne7
9. b4 a5 10. Ba3 axb4 11. Bxb4 b6 12. a4 Re8 13. a5 c5 14. dxc6 Nxc6 15. Bxd6
Rxa5 16. Rxa5 Nxa5 17. Bxe5 Qxd1 18. Rxd1 Nxe4 19. Nxe4 Bxe5 20. Nxe5 Rxe5 21.
Rd8+ Kg7 22. Rxc8 Rxe4 23. Kf1 Re5 24. f3 Rc5 25. Rxc5 bxc5 26. Kf2 Kf6 27. Ke3
Ke5 28. f4+ Kd6 29. g3 Nc6 30. Bd1 Nd4 31. Kd3 1/2-1/2

[Event "Druzynowe Mistrzostwa Polski Juniorow 2018 - II Liga"]
[Site "Szczyrk"]
[Date "1899-12-30"]
[Round "3.80"]
[White "Nowak, Patrycja"]
[Black "Kiszka, Arkadiusz"]
[Result "1/2-1/2"]
[WhiteTitle "II"]
[BlackTitle "II"]
[WhiteElo "1160"]
[BlackElo "1592"]

1. e4 c6 2. d4 d5 3. exd5 cxd5 4. c4 Nf6 5. Nc3 g6 6. Qb3 e6 7. Bg5 dxc4 8. Qxc4
Bd7 9. Nf3 Be7 10. Be2 O-O 11. O-O Nc6 12. Rfd1 Rc8 13. a3 Ne5 14. dxe5 Rxc4 15.
exf6 Bxa3 16. Rxa3 Rc7 17. Bf4 Rc5 18. Bd6 Rc7 19. Bxf8 Qxf8 20. Rxa7 Bc6 21.
Ne5 Qb8 22. Rda1 Rc8 23. Nxc6 bxc6 24. Bf3 Qxb2 25. Ra8 Qb7 26. R8a7 Qb6 27. h4
h6 28. Ne4 Qd4 29. Ra8 Qd8 30. Rxc8 Qxc8 31. Rc1 1/2-1/2

[Event "Druzynowe Mistrzostwa Polski Juniorow 2018 - II Liga"]
[Site "Szczyrk"]
[Date "1899-12-30"]
[Round "3.81"]
[White "Tokarz, Izabela"]
[Black "Franc, Piotr"]
[Result "1-0"]
[WhiteTitle "I"]
[BlackTitle "II"]
[WhiteElo "1411"]
[BlackElo "1196"]

1. d4 d5 2. c4 e6 3. Nc3 Nf6 4. cxd5 exd5 5. Bg5 Be7 6. Qc2 Nbd7 7. e3 O-O 8. Bd3
c5 9. dxc5 Nxc5 10. Nge2 Be6 11. Bxf6 Nxd3+ 12. Qxd3 Bxf6 13. O-O Bxc3 14. Nxc3
Qg5 15. Rfd1 Rad8 16. Kh1 Rfe8 17. Qb5 b6 18. Rd4 h5 19. Rad1 h4 20. h3 Rf8 21.
Nxd5 Bxd5 22. Rxd5 Rxd5 23. Qxd5 Qf6 24. Qd2 Qe6 25. a3 Qf5 26. f3 Re8 27. e4
Qe5 28. b4 Rc8 29. Qd7 Rc7 30. Qd8+ Kh7 31. Qxh4+ Kg6 32. Qd8 Rc3 33. a4 Ra3 34.
Qd7 a6 35. Qc6+ f6 36. Qxb6 Qc3 37. Qxa6 Qc2 38. Rg1 Rxa4 39. Qb5 Qb3 40. Qe8+
Kh7 41. b5 Rd4 42. Qh5+ Kg8 43. Qc5 Rb4 44. Qc8+ Kh7 45. Qf5+ Kg8 46. Rc1 Rd4
47. Qc5 Rd1+ 48. Rxd1 Qxd1+ 49. Kh2 Qa1 50. b6 Qb2 51. Qd5+ Kh7 52. b7 Kh6 53.
f4 Qb6 54. e5 Qc7 55. Qe4 g5 56. fxg5+ Kxg5 57. h4+ Kh6 58. Qf4+ Kh7 59. Qf5+
Kh6 60. Qxf6+ Kh7 61. Qf5+ Kh6 62. h5 Kg7 63. Qf6+ Kg8 64. Qe6+ Kg7 65. Qg6+ Kh8
66. Qe8+ Kh7 67. Qb8 Qg7 68. Qg6+ Qxg6 69. hxg6+ Kxg6 70. e6 Kh5 71. e7 Kh4 72.
Qe8 Kg5 73. Qbe5+ Kg4 74. Q8h5# 1-0

[Event "Druzynowe Mistrzostwa Polski Juniorow 2018 - II Liga"]
[Site "Szczyrk"]
[Date "1899-12-30"]
[Round "3.82"]
[White "Trybowska, Barbara"]
[Black "Roszkiewicz, Anna"]
[Result "1/2-1/2"]
[WhiteTitle "I++"]
[BlackTitle "I++"]
[WhiteElo "1755"]
[BlackElo "1666"]

1. d4 Nf6 2. Nf3 e6 3. c4 Bb4+ 4. Nc3 O-O 5. a3 Bxc3+ 6. bxc3 d6 7. e3 c5 8. Bd3
Qc7 9. O-O e5 10. Qc2 Nc6 11. d5 Na5 12. Nd2 Bd7 13. f4 exf4 14. Rxf4 Qd8 15.
Bb2 g6 16. Raf1 Ng4 17. R4f3 Ne5 18. Rf6 Nxd3 19. Qxd3 Bf5 20. R1xf5 gxf5 21.
Qxf5 Qe7 22. e4 Qe5 23. Qg4+ Kh8 24. Rf5 Rg8 25. Qf3 Qg7 26. Rxf7 Qg5 27. Bc1
Nxc4 28. Nb3 Qg6 29. Rf6 Qg4 30. Qf1 Qxe4 31. Rf4 Qxd5 32. Rxc4 Rxg2+ 33. Qxg2
Rg8 1/2-1/2

[Event "Druzynowe Mistrzostwa Polski Juniorow 2018 - II Liga"]
[Site "Szczyrk"]
[Date "1899-12-30"]
[Round "3.83"]
[White "Roszkiewicz, Zofia"]
[Black "Wojtowicz, Gabriela"]
[Result "1-0"]
[WhiteTitle "I"]
[BlackTitle "II"]
[WhiteElo "1265"]
[BlackElo "1000"]

1. e4 c5 2. Nf3 d6 3. d4 cxd4 4. Nxd4 Nf6 5. Nc3 g6 6. Be3 Bg7 7. f3 O-O 8. Qd2
Nc6 9. O-O-O a6 10. Kb1 Bd7 11. g4 b5 12. h4 Ne5 13. Bh6 b4 14. Nd5 a5 15. Bxg7
Kxg7 16. Nxf6 exf6 17. h5 Qb8 18. hxg6 fxg6 19. Qh6+ Kf7 20. Qxh7+ Ke8 21. Qg7
a4 22. Rh7 Rf7 23. Rh8+ Ke7 24. Rxb8 Rxg7 25. Rxa8 Rh7 26. Bb5 Rh3 27. Ra7 Ke8
28. f4 Bxb5 29. Nxb5 Nxg4 30. Nxd6+ Kf8 31. Nf5 Rh1 32. Rxh1 Kg8 33. Rd1 Kf8 34.
Rd8# 1-0

[Event "Druzynowe Mistrzostwa Polski Juniorow 2018 - II Liga"]
[Site "Szczyrk"]
[Date "1899-12-30"]
[Round "3.84"]
[White "Matyszkiewicz, Wiktor"]
[Black "Krzywnicka, Maria"]
[Result "0-1"]
[WhiteTitle "I"]
[BlackTitle "I++"]
[WhiteElo "1771"]
[BlackElo "1845"]

1. e4 c5 2. Nf3 d6 3. d4 cxd4 4. Nxd4 Nf6 5. Nc3 a6 6. Bg5 e6 7. f4 Be7 8. Qf3
h6 9. Bh4 Qc7 10. O-O-O Nbd7 11. Bxf6 Bxf6 12. g4 Nb6 13. Kb1 Bd7 14. f5 O-O-O
15. Bg2 Nc4 16. Qe2 Kb8 17. b3 Ne5 18. Kb2 Rc8 19. Nb1 Qb6 20. c3 Rc7 21. h4 Rhc8
22. Rh3 Nc4+ 23. Ka1 Na5 24. Qb2 Be5 25. Rhd3 Bb5 26. Nxb5 axb5 27. a3 b4 28.
axb4 Nc6 29. Rxd6 Bxd6 30. Rxd6 Qg1 31. Qe2 Nxb4 32. Kb2 Qa7 0-1

[Event "Druzynowe Mistrzostwa Polski Juniorow 2018 - II Liga"]
[Site "Szczyrk"]
[Date "1899-12-30"]
[Round "3.85"]
[White "Gozdzicki, Maciej"]
[Black "Bujalski, Mateusz"]
[Result "1-0"]
[WhiteTitle "II+"]
[BlackTitle "I"]
[WhiteElo "1699"]
[BlackElo "1804"]

1. Nf3 d5 2. d4 Nf6 3. e3 Bg4 4. Be2 e6 5. O-O Bd6 6. b3 O-O 7. Bb2 Nbd7 8. c4
c6 9. Nc3 Qe7 10. Qc2 Bf5 11. Bd3 Bxd3 12. Qxd3 Rfe8 13. e4 dxe4 14. Nxe4 Nxe4
15. Qxe4 Nf6 16. Qe2 Rad8 17. Rad1 Bb8 18. Rfe1 Qd6 19. Qe5 Qd7 20. Qe2 a6 21.
Ne5 Qc7 22. g3 Qa5 23. Bc1 Nd7 24. Bf4 Bxe5 25. Bxe5 Nxe5 26. dxe5 Qb4 27. Rxd8
Rxd8 28. Rd1 Qa5 29. Rd6 Rf8 30. Rd7 b5 31. Qd2 b4 32. Qe2 h6 33. Rd6 Rc8 34.
f4 Kf8 35. Kg2 Qb6 36. Qf2 Qa5 37. Qd2 Ke8 38. Kf3 Qb6 39. Qd4 Qb7 40. Qc5 g6
41. g4 Qa8 42. f5 exf5 43. gxf5 Qb7 44. fxg6 fxg6 45. e6 Qe7 46. Qe5 Qf8+ 47.
Ke4 g5 48. Rd7 c5 49. Rf7 Qg8 50. Qf6 1-0

[Event "Druzynowe Mistrzostwa Polski Juniorow 2018 - II Liga"]
[Site "Szczyrk"]
[Date "1899-12-30"]
[Round "3.86"]
[White "Pancewicz, Szymon"]
[Black "Majdanski, Maksymilian"]
[Result "0-1"]
[WhiteTitle "II"]
[BlackTitle "I"]
[WhiteElo "1465"]
[BlackElo "1751"]

1. e4 c5 2. Nf3 Nc6 3. d4 cxd4 4. Nxd4 Nf6 5. Nc3 e5 6. Ndb5 d6 7. Bg5 a6 8. Na3
b5 9. Nd5 Be7 10. Bxf6 Bxf6 11. c3 Bg5 12. Be2 f5 13. Bh5+ g6 14. Bf3 O-O 15.
O-O Ra7 16. Nc2 Ne7 17. a4 Bd7 18. a5 Bc6 19. Ncb4 Bxd5 20. Nxd5 Nxd5 21. Qxd5+
Kh8 22. Rfd1 fxe4 23. Bxe4 Qf6 24. f3 Rd8 25. Rd3 Rc7 26. Rad1 Bh6 27. Qb3 Bf8
28. Rd5 Rdc8 29. R1d3 Rc4 30. Qd1 Qg5 31. Qd2 Qxd2 32. Rxd2 Ra4 33. b3 Rxa5 34.
c4 Ra1+ 35. Rd1 Rxd1+ 36. Rxd1 bxc4 37. bxc4 Rxc4 38. Ra1 Bh6 39. Rxa6 Be3+ 40.
Kf1 Bc5 41. Rc6 Rc1+ 42. Ke2 Rg1 43. Rc8+ Kg7 44. Rc7+ Kh6 45. f4 exf4 46. Rf7
Be3 47. Rf6 Ra1 48. Rxd6 Ra2+ 49. Kf3 Kh5 50. Rd5+ g5 51. g4+ Kh4 52. Bf5 Rf2+
53. Ke4 Rxh2 54. Rd7 h6 55. Rd6 Kg3 56. Ra6 h5 57. Rg6 Rd2 58. Rxg5 Rd4+ 59. Ke5
f3 60. Rxh5 Rd1 61. g5 Bf4+ 62. Ke4 Re1+ 63. Kd3 f2 64. Bh3 Rh1 65. Ke2 Qf1+ 66.
Bxf1 Rxh5 67. g6 Rg5 68. Kd3 Rxg6 69. Ke4 Re6+ 70. Kd5 Re5+ 71. Kd4 Re1 72. Bb5
Bg5 73. Kd5 Kf4 74. Ba4 Re5+ 75. Kd6 Ke4 76. Bc2+ Kd4 77. Bb3 Bf4 78. Kc6 Rc5+
79. Kd7 Ke5 80. Ba2 Bd2 81. Bb3 Ba5 82. Ba2 Rc7+ 83. Ke8 Kf6 84. Bb3 Re7+ 0-1

[Event "Druzynowe Mistrzostwa Polski Juniorow 2018 - II Liga"]
[Site "Szczyrk"]
[Date "1899-12-30"]
[Round "3.87"]
[White "Szachowicz, Mateusz"]
[Black "Sidorczuk, Pawel"]
[Result "0-1"]
[WhiteTitle "III"]
[BlackTitle "II"]
[WhiteElo "1081"]
[BlackElo "1393"]

1. e4 e5 2. Nf3 Nc6 3. d4 exd4 4. Bc4 Nf6 5. Nxd4 Bb4+ 6. c3 Bc5 7. Be3 Nxe4 8.
Bxf7+ Kxf7 9. Qf3+ Nf6 10. Nxc6 dxc6 11. Bxc5 Bg4 12. Nd2 Bxf3 13. Nxf3 Re8+ 14.
Be3 Ng4 15. Rd1 Qe7 16. Rd3 Rad8 17. Rxd8 Rxd8 18. Ke2 Nxe3 19. fxe3 Re8 20. Kf1
Qxe3 21. h3 Qc1+ 22. Kf2 Qxh1 23. Ng1 Re1 24. Kxe1 Qxg1+ 25. Kd2 Qxg2+ 26. Kc1
Qxh3 27. Kc2 g5 28. Kb3 g4 29. Kc2 g3 30. Kb3 g2 31. Ka3 Qg1 32. Kb3 Qd1+ 33.
Ka3 Qh4 34. b3 Qe7+ 35. Ka4 Qc1 36. b4 Qxc3 37. a3 b5+ 38. Ka5 Qxa3# 0-1

[Event "Druzynowe Mistrzostwa Polski Juniorow 2018 - II Liga"]
[Site "Szczyrk"]
[Date "1899-12-30"]
[Round "3.88"]
[White "Tkaczyk, Weronika"]
[Black "Partyka, Justyna"]
[Result "1/2-1/2"]
[WhiteTitle "I++"]
[BlackTitle "II"]
[WhiteElo "1502"]
[BlackElo "1141"]

1. Nf3 d5 2. g3 c5 3. Bg2 Nf6 4. O-O Nc6 5. d4 Qc7 6. c3 e6 7. Re1 Bd6 8. Nbd2
e5 9. dxe5 Nxe5 10. Nxe5 Bxe5 11. Nb3 Be6 12. Be3 Bd6 13. Qc2 O-O 14. Rad1 Rad8
15. Bg5 Be7 16. Bf4 Bd6 17. Bc1 Rfe8 18. Nd2 Bg4 19. Nb3 Be6 20. Bg5 Be7 21. Bf4
Bd6 22. Bg5 Be7 23. Bf4 Bd6 24. Bg5 1/2-1/2

[Event "Druzynowe Mistrzostwa Polski Juniorow 2018 - II Liga"]
[Site "Szczyrk"]
[Date "1899-12-30"]
[Round "3.89"]
[White "Gorska, Marcelina"]
[Black "Wolszczak, Natalia"]
[Result "0-1"]
[WhiteTitle "IV"]
[BlackTitle "II+"]
[WhiteElo "1000"]
[BlackElo "1079"]

1. e4 e5 2. Nf3 Nc6 3. d4 exd4 4. Bc4 Bb4+ 5. c3 dxc3 6. bxc3 Bc5 7. Qb3 Qe7 8.
O-O h6 9. Re1 Na5 10. Qa4 Nxc4 11. Qxc4 Qd6 12. Re2 b5 13. e5 Qd1+ 14. Re1 Qxe1+
15. Nxe1 bxc4 16. Nd2 Ba6 17. Nef3 Ne7 18. Rb1 O-O 19. Ne4 Bb6 20. Ba3 Rfe8 21.
Nc5 Bxc5 22. Bxc5 Nc6 23. Re1 Rab8 24. Re2 Nxe5 25. Nxe5 Rb1+ 26. Re1 Rxe1# 0-1

[Event "Druzynowe Mistrzostwa Polski Juniorow 2018 - II Liga"]
[Site "Szczyrk"]
[Date "1899-12-30"]
[Round "3.90"]
[White "Slomczewski, Michal"]
[Black "Gazda, Dominik"]
[Result "1-0"]
[WhiteTitle "I+"]
[BlackTitle "I"]
[WhiteElo "2068"]
[BlackElo "1567"]

1. c4 Nf6 2. Nf3 g6 3. Nc3 Bg7 4. e4 d6 5. d4 O-O 6. Be2 e5 7. d5 a5 8. O-O Na6
9. Qc2 Nh5 10. a3 Nf4 11. Rb1 f5 12. b4 fxe4 13. Nxe4 Bf5 14. Bd3 Bg4 15. Ne1
axb4 16. axb4 Kh8 17. Be3 Nb8 18. f3 Bf5 19. g3 Nxd3 20. Nxd3 Nd7 21. Kg2 Ra3
22. Rb3 Qa8 23. Rfb1 Ra2 24. R3b2 Ra3 25. Rb3 Ra2 26. R1b2 Ra1 27. Ndf2 Nf6 28.
Qd2 Bd7 29. Rb1 Ra2 30. R3b2 Ra3 31. c5 Nxe4 32. fxe4 Bb5 33. Rc1 Qa6 34. cxd6
cxd6 35. Rbc2 Ra1 36. Bh6 Rxc1 37. Qxc1 Qb6 38. Be3 Qd8 39. Rc7 Qf6 40. Rxb7 Bh6
41. Qc7 Bg7 42. Qe7 Qxe7 43. Rxe7 Rb8 44. Ba7 Ra8 45. Nd1 Bf6 46. Rb7 Ba6 47.
Rb8+ Rxb8 48. Bxb8 Be7 49. Nc3 Kg8 50. b5 Bb7 51. b6 Ba6 52. Bc7 Kf8 53. Nb5 Ke8
54. Nxd6+ 1-0

[Event "Druzynowe Mistrzostwa Polski Juniorow 2018 - II Liga"]
[Site "Szczyrk"]
[Date "1899-12-30"]
[Round "3.91"]
[White "Jaszczuk, Mateusz"]
[Black "Guzik, Natalia"]
[Result "0-1"]
[WhiteTitle "II+"]
[BlackTitle "I++"]
[WhiteElo "1393"]
[BlackElo "1668"]

1. c4 c5 2. Nc3 Nc6 3. Nf3 g6 4. g3 Bg7 5. Bg2 e6 6. O-O Nge7 7. d3 d5 8. cxd5
exd5 9. Bf4 O-O 10. Nb5 Bd7 11. d4 a6 12. Nd6 Nxd4 13. Nxd4 cxd4 14. Nxb7 Qb6
15. Qb3 Qxb3 16. axb3 Bb5 17. Rfe1 Ra7 18. Nd6 Bc6 19. Red1 Rd8 20. g4 g5 21.
Bg3 h5 22. h3 h4 23. Bh2 Rad7 24. Rxa6 Rxd6 25. Bxd6 Rxd6 26. b4 Rd7 27. Rb6 Be5
28. b5 Bb7 29. Rc1 Kg7 30. b4 Ng6 31. Ra1 d3 32. Ra2 dxe2 33. Rxe2 Bd4 34. Rc6
Bxc6 35. bxc6 Re7 36. Ra2 Nf4 37. b5 Nd3 38. Bxd5 Re1+ 39. Kh2 Be5+ 40. Kg2 Nf4+
41. Kf3 Nxd5 42. Ra6 Bc7 43. Ra7 Bb6 44. Rd7 Nc7 0-1

[Event "Druzynowe Mistrzostwa Polski Juniorow 2018 - II Liga"]
[Site "Szczyrk"]
[Date "1899-12-30"]
[Round "3.92"]
[White "Wojtasik, Szymon"]
[Black "Kucza, Kamil"]
[Result "1-0"]
[WhiteTitle "II"]
[BlackTitle "II"]
[WhiteElo "1343"]
[BlackElo "1000"]

1. e4 c6 2. d4 d5 3. exd5 cxd5 4. Bd3 e6 5. c3 Nf6 6. Bf4 Nc6 7. Nf3 Bd6 8. Bg3
Bxg3 9. hxg3 h6 10. Nbd2 O-O 11. O-O a6 12. Qe2 Qb6 13. Nb3 Re8 14. Ne5 Nxe5 15.
dxe5 Nd7 16. Kh2 f6 17. f4 f5 18. g4 g6 19. gxf5 exf5 20. Qf3 Qe6 21. Nd4 Nxe5
22. fxe5 Qxe5+ 23. Qg3 Qxg3+ 24. Kxg3 Re3+ 25. Rf3 Rxf3+ 26. Kxf3 Kf7 27. Re1
Bd7 28. Re5 Bc6 29. g4 fxg4+ 30. Kxg4 Bd7+ 31. Kg3 Bc6 32. Re6 Re8 33. Bxg6+ Kf8
34. Bxe8 Bxe8 35. Rxh6 Ke7 36. Rb6 Kd8 1-0

[Event "Druzynowe Mistrzostwa Polski Juniorow 2018 - II Liga"]
[Site "Szczyrk"]
[Date "1899-12-30"]
[Round "3.93"]
[White "Guzik, Michal"]
[Black "Chrobot, Tomasz"]
[Result "1-0"]
[WhiteTitle "II"]
[BlackTitle "IV"]
[WhiteElo "1188"]
[BlackElo "1033"]

1. e4 c5 2. Nf3 Nc6 3. d4 cxd4 4. Nxd4 g6 5. Nc3 Bg7 6. Be3 Nf6 7. Nxc6 bxc6 8.
e5 Nh5 9. g4 Bxe5 10. gxh5 Bb7 11. Bd4 Qc7 12. Bxe5 Qxe5+ 13. Qe2 Qf4 14. Qe3
Qf5 15. Ne4 Qe6 16. Nc5 Qxe3+ 17. fxe3 O-O-O 18. hxg6 hxg6 19. O-O-O d6 20. Nxb7
Kxb7 21. e4 d5 22. exd5 cxd5 23. Bg2 e6 24. h3 Kb6 25. Rhf1 Rhf8 26. Rf6 Kc5 27.
Rdf1 Rfe8 28. Rxf7 a5 29. R1f6 e5 30. Rxg6 e4 31. Rg5 Kd4 32. Kd2 Kc5 33. h4 Kb4
34. h5 d4 35. a3+ Ka4 36. Ra7 e3+ 37. Ke1 Re5 38. Bc6+ 1-0

[Event "Druzynowe Mistrzostwa Polski Juniorow 2018 - II Liga"]
[Site "Szczyrk"]
[Date "1899-12-30"]
[Round "3.95"]
[White "Uliasz, Katarzyna"]
[Black "Zajac, Aleksandra"]
[Result "1/2-1/2"]
[WhiteTitle "I"]
[BlackTitle "III"]
[WhiteElo "1236"]
[BlackElo "1000"]

1. e4 e5 2. Nf3 Nc6 3. Bb5 a6 4. Ba4 Nf6 5. O-O b5 6. Bb3 Be7 7. d3 d6 8. h3 Na5
9. c3 Nxb3 10. Qxb3 O-O 11. Re1 Bb7 12. Nbd2 Re8 13. Qc2 Bf8 14. b3 g6 15. Bb2
Bg7 16. Rac1 c5 17. Nh2 Qd7 18. Qd1 Rad8 19. Qf3 a5 20. Nhf1 d5 21. Qe3 d4 22.
cxd4 cxd4 23. Qf3 Rc8 24. Ng3 h5 25. Qd1 h4 26. Ne2 Nh5 27. Nf3 Bf6 28. Qd2 Rxc1
29. Rxc1 Qd8 30. Rc5 b4 31. Qc1 Kg7 32. Qc4 Nf4 33. Nxf4 exf4 34. Bxd4 Kg8 35.
Rc7 Re7 36. Bxf6 Qxc7 37. Bxe7 Qxe7 38. Qb5 Qc7 39. Qe8+ Kh7 40. Nxh4 Qc1+ 41.
Kh2 Qc7 42. Nf3 Ba6 43. d4 Be2 44. Ne5 Kg7 45. Qc6 Qe7 46. Nc4 Bd3 47. e5 Qg5
48. Qf3 Qf5 49. Nxa5 Be4 50. Qg4 Qxg4 51. hxg4 g5 52. f3 Bd5 53. Kg1 Kf8 54. Nc4
Ke7 55. Kf2 Kd7 56. g3 Kc6 57. gxf4 gxf4 58. Ke2 Kb5 59. Nd2 Kc6 60. Kf2 Kd7 61.
Ke2 Kc6 62. Kd3 Kb5 63. Ne4 Kc6 64. Ke2 Kb5 65. Kf2 Kc6 66. Kg2 Kd7 67. g5 Ke6
68. Nc5+ Kf5 69. Na6 Kxg5 70. Nxb4 Bb7 71. Nc2 Kf5 72. Kf2 f6 73. exf6 Kxf6 74.
b4 Ke6 75. Ke2 Kd5 76. a4 Kc4 77. a5 Kc3 78. Ne1 Kxd4 79. Ng2 Kc4 80. Nxf4 Kxb4
81. Nd3+ Kxa5 82. f4 Be4 83. Ke3 Bf5 84. Kd4 Kb6 85. Nf2 Kc6 86. Ke5 Bb1 87. Ne4
Kd7 88. f5 Ba2 89. f6 Ke8 90. Nd6+ Kf8 91. Kf4 Bb3 92. Nb5 Kf7 93. Ke5 Kf8 94.
Nd4 Bc4 95. Kf5 Kf7 96. Ne6 1/2-1/2

[Event "Druzynowe Mistrzostwa Polski Juniorow 2018 - II Liga"]
[Site "Szczyrk"]
[Date "1899-12-30"]
[Round "3.96"]
[White "Markiewicz, Krzysztof"]
[Black "Marczak, Szymon"]
[Result "0-1"]
[WhiteTitle "II"]
[BlackTitle "I+"]
[WhiteElo "1438"]
[BlackElo "1954"]

1. e4 b6 2. Nf3 Bb7 3. Nc3 e6 4. d4 Bb4 5. Bd3 Nf6 6. Qe2 d5 7. e5 Ne4 8. Bd2 Nxd2
9. Qxd2 Be7 10. O-O c5 11. a3 O-O 12. Rfd1 Nc6 13. Qf4 a6 14. Re1 Rc8 15. g3 cxd4
16. Nxd4 Bg5 17. Nxc6 Rxc6 18. Qf3 g6 19. h4 Bd2 20. Re2 Bxc3 21. bxc3 Rxc3 22.
h5 Qg5 23. hxg6 fxg6 24. Qe3 Qxe3 25. Rxe3 b5 26. Ree1 d4 27. Kf1 Bd5 28. Ke2
Bc4 29. f4 Rxc2+ 30. Kd1 Bxd3 31. a4 b4 32. Rb1 a5 33. Rb3 Rc3 34. Rb2 Rfc8 35.
Kd2 Bf5 0-1

[Event "Druzynowe Mistrzostwa Polski Juniorow 2018 - II Liga"]
[Site "Szczyrk"]
[Date "1899-12-30"]
[Round "3.97"]
[White "Franek, Krzysztof"]
[Black "Szczepanski, Grzegorz"]
[Result "0-1"]
[WhiteTitle "III"]
[BlackTitle "III"]
[WhiteElo "1156"]
[BlackElo "1184"]

1. d4 d5 2. Nf3 Nf6 3. Bf4 e6 4. e3 c5 5. c3 Nc6 6. Nbd2 cxd4 7. cxd4 Bd7 8. Qb3
Na5 9. Qd1 Be7 10. Rc1 Rc8 11. Bd3 Nc6 12. h3 Nb4 13. Bb1 Bb5 14. Nb3 Ne4 15.
Ne5 Bh4 16. Bg3 Nxg3 17. Rxc8 Qxc8 18. fxg3 Bxg3+ 19. Kd2 Bxe5 20. dxe5 O-O 21.
Nd4 Ba6 22. h4 Qd8 23. a3 Nc6 24. Nf3 Qa5+ 25. Kc1 Rc8 26. Bc2 Qc5 27. Kb1 Qxe3
28. Re1 Qf4 29. h5 Ne7 30. Rg1 Nf5 31. Bxf5 Qxf5+ 32. Ka1 Qxh5 33. g4 Qg6 34.
Nh4 Qd3 35. Qe1 Qe2 36. Qg3 Qd2 37. Qe1 Qxe1+ 38. Rxe1 h6 39. Nf3 Rc4 40. g5 hxg5
41. Nxg5 Rg4 42. Nf3 Re4 43. Rc1 Rc4 44. Rd1 Rc7 45. Rd2 f6 46. exf6 gxf6 47.
Nd4 Kf7 48. Rh2 Bd3 49. Nb3 e5 50. Rh3 Bf5 51. Rf3 Ke6 52. Rf1 e4 53. Nd4+ Ke5
54. Nxf5 d4 55. Ng3 d3 56. Rd1 f5 57. Kb1 f4 58. Nf1 Kd4 59. Nd2 Ke3 60. b3 Ke2
61. Rc1 Rxc1+ 62. Kxc1 e3 0-1

[Event "Druzynowe Mistrzostwa Polski Juniorow 2018 - II Liga"]
[Site "Szczyrk"]
[Date "1899-12-30"]
[Round "3.98"]
[White "Zychlewicz, Tomasz"]
[Black "Gabzdyl, Mateusz"]
[Result "1/2-1/2"]
[WhiteTitle "II"]
[BlackTitle "III"]
[WhiteElo "1252"]
[BlackElo "1083"]

1. e4 c5 2. Nf3 e6 3. d4 cxd4 4. Nxd4 a6 5. Nc3 Qc7 6. Be2 Nf6 7. O-O Nc6 8. Be3
b5 9. a3 Bb7 10. f3 Be7 11. Qd2 O-O 12. Kh1 Rfd8 13. Rad1 Rac8 14. Bd3 Nxd4 15.
Bxd4 e5 16. Be3 Bxa3 17. Nxb5 axb5 18. bxa3 Ra8 19. Qb4 Bc6 20. Rc1 Ra4 21. Qb2
Qd6 22. Bxb5 Rb8 23. c4 Rxa3 24. c5 Qd3 25. Bxd3 Rxb2 26. Rcd1 Rbb3 27. Rb1 Ne8
28. Rxb3 Rxb3 29. Rd1 Nc7 30. Bf2 Rc3 31. Rb1 Kf8 32. Bf1 Ne6 33. Bh4 f6 34. Be1
Ra3 35. Bc4 Ke7 36. Bb4 Ra4 37. Bd5 Ra6 38. h3 Nd4 39. Bc3 Nb5 40. Bd2 Nc7 41.
Bc4 Ra4 42. Bb3 Ra8 43. Bc2 Ra2 44. Rc1 Ne6 45. Be3 Ra3 46. Bf2 Rc3 47. Be1 Rc4
48. Kg1 Nxc5 49. Bd2 d5 50. exd5 Bxd5 51. Bxh7 Kf7 52. Rxc4 Bxc4 53. Bc2 Nb3 54.
Be3 Na5 55. g4 Bd5 56. Kf2 Nc4 57. Bc1 Nd6 58. h4 g6 59. Kg3 e4 60. fxe4 Bxe4
61. Bxe4 Nxe4+ 62. Kf4 Nd6 63. h5 g5+ 64. Kf3 Nc4 65. Ke4 Nd6+ 66. Kd5 Ne8 67.
Ba3 Ng7 68. Ke4 f5+ 69. Kf3 fxg4+ 70. Kxg4 Nxh5 71. Kxh5 1/2-1/2

[Event "Druzynowe Mistrzostwa Polski Juniorow 2018 - II Liga"]
[Site "Szczyrk"]
[Date "1899-12-30"]
[Round "3.99"]
[White "Grzybek, Mikolaj"]
[Black "Baszczynski, Gabriel"]
[Result "1/2-1/2"]
[WhiteTitle "II"]
[BlackTitle "II"]
[WhiteElo "1375"]
[BlackElo "1370"]

1. e4 e5 2. Nf3 Nc6 3. Bc4 Nf6 4. d3 h6 5. Nc3 Bc5 6. O-O O-O 7. Be3 Bb6 8. Qd2
d6 9. h3 Be6 10. Bb3 d5 11. exd5 Nxd5 12. Nxd5 Bxd5 13. Bxd5 Qxd5 14. Qc3 Nd4
15. Bxd4 exd4 16. Qd2 c5 17. Rfe1 Rfe8 18. b3 Bc7 19. a3 Rad8 20. Rxe8+ Rxe8 21.
Re1 Rxe1+ 22. Qxe1 Qe6 23. Qxe6 fxe6 24. b4 e5 25. b5 Kf7 26. Kf1 Ke6 27. Nd2
Kd5 28. f3 b6 29. Nc4 Ke6 30. h4 g6 31. Kf2 Kf5 32. g3 h5 33. Kg2 Bb8 34. Kh3
Bc7 35. a4 g5 36. g4+ Kg6 37. Nd2 hxg4+ 38. fxg4 gxh4 39. Kxh4 Bd8+ 40. Kg3 Be7
41. Ne4 Kh6 42. Nd2 Bd6 43. Ne4 Be7 44. Kf3 Kg6 45. Ng3 Kf6 46. Nf5 Bf8 47. Kg3
Kg5 48. Kf3 Kf6 49. Ng3 Kg6 50. Ne4 Be7 51. Kg3 Bg5 52. Nxg5 Kxg5 53. Kh3 Kf4
54. Kh4 c4 55. g5 cxd3 56. cxd3 Kf5 57. Kh5 e4 58. dxe4+ Ke6 59. g6 Kf6 60. Kh6
d3 61. g7 d2 1/2-1/2

[Event "Druzynowe Mistrzostwa Polski Juniorow 2018 - II Liga"]
[Site "Szczyrk"]
[Date "1899-12-30"]
[Round "3.100"]
[White "Dixa, Joanna"]
[Black "Kindler, Karolina"]
[Result "0-1"]
[WhiteTitle "I"]
[BlackTitle "I++"]
[WhiteElo "1388"]
[BlackElo "1784"]

1. e4 b6 2. d4 Bb7 3. Bd3 g6 4. Nf3 Bg7 5. O-O e6 6. c4 d6 7. Nc3 Ne7 8. Be3 O-O
9. Qe2 c5 10. Rac1 a6 11. Rfd1 Qc7 12. d5 exd5 13. cxd5 b5 14. b3 Nd7 15. Bg5
Ne5 16. Nxe5 Bxe5 17. f4 Bd4+ 18. Kh1 Bg7 19. Bh4 Rfe8 20. Qf1 Qa5 21. Qe1 b4
22. Na4 Nxd5 23. Bc4 Nc3 24. Nxc3 Bxc3 25. Qf2 Bd4 26. Rxd4 cxd4 27. Qxd4 Bxe4
28. Bf6 Qxa2 29. Rg1 d5 30. Bh8 Kf8 31. Qg7+ Ke7 32. Qf6+ Kd7 33. Bg7 Qc2 34.
Be2 Qxe2 35. Qb6 Bxg2+ 36. Rxg2 Qd1+ 37. Rg1 Qf3+ 0-1